[Event "Batman and Robin Memorial"]
[Site "SchemingMind.com"]
[Date "2021.04.05"]
[Round "-"]
[White "David Connolly"]
[Black "ray winteringham"]
[Result "1-0"]
[WhiteCountry "WLS"]
[BlackCountry "ENG"]
[WhiteElo "2024"]
[WhiteRD "68"]
[BlackElo "1467"]
[BlackRD "51"]
[GameID "710312"]

1. d4 d5 2. c4 e6 3. Nc3 Ne7 4. Nf3 dxc4 5. e4 Bd7 6. Bxc4 g6 7. h4 Bg7 8. h5 O-O 9. hxg6 fxg6 10. Ng5 Nbc6
11. Bxe6+ Bxe6 12. Nxe6 Qd6 13. Nxf8 Kxf8 14. d5 Bxc3+ 15. bxc3 h5 16. dxc6 Qxc6 17. Qd4 Kf7 18. Rh3 Qe6 19. Rf3+ Ke8 20. Bh6
1-0

[Event "Batman and Robin Memorial"]
[Site "SchemingMind.com"]
[Date "2021.04.08"]
[Round "-"]
[White "Goz"]
[Black "William Lindberg"]
[Result "0-1"]
[WhiteCountry "ENG"]
[BlackCountry "USA"]
[WhiteElo "1481"]
[WhiteRD "70"]
[BlackElo "2490"]
[BlackRD "74"]
[GameID "710370"]

1. d4 d5 2. e3 Nf6 3. Be2 e6 4. Nf3 b6 5. O-O Bb7 6. Nbd2 Bd6 7. b3 O-O 8. a3 Nbd7 9. b4 c5 10. bxc5 bxc5
11. c3 c4 12. Kh1 Qe7 13. Ng1 e5 14. Ndf3 e4 15. Ng5 Rab8 16. f4 exf3 17. N1xf3 h6 18. Nh3 Ne4 19. Bb2 Ndf6 20. Nh4 Bc8
21. Rb1 Nh5 22. Bxh5 Qxh4 23. Qf3 g6 24. Nf4 gxh5 25. g3 Qg4 26. Qg2 h4 27. Rf3 h3 28. Qe2 Nxc3 29. Bxc3 Rxb1+ 30. Qf1 Qxf3+
0-1

[Event "Batman and Robin Memorial"]
[Site "SchemingMind.com"]
[Date "2021.04.07"]
[Round "-"]
[White "William Lindberg"]
[Black "Goz"]
[Result "1-0"]
[WhiteCountry "USA"]
[BlackCountry "ENG"]
[WhiteElo "2490"]
[WhiteRD "74"]
[BlackElo "1481"]
[BlackRD "70"]
[GameID "710371"]

1. c4 e5 2. Nc3 c6 3. Nf3 d6 4. d4 exd4 5. Qxd4 c5 6. Qd3 Nf6 7. Bf4 Be7 8. Rd1 Be6 9. Ng5 O-O 10. g3 Nc6
11. Nxe6 fxe6 12. Bh3 e5 13. Bc1 Nd4 14. Bg2 Rb8 15. e3 Ne6 16. O-O Qc7 17. Nd5 Nxd5 18. Qxd5 Rf6 19. f4 exf4 20. Bh3 fxg3
21. Bxe6+ Kf8 22. Qh5
1-0

[Event "Batman and Robin Memorial"]
[Site "SchemingMind.com"]
[Date "2021.04.07"]
[Round "-"]
[White "kenneth m day"]
[Black "William Lindberg"]
[Result "0-1"]
[WhiteCountry "USA"]
[BlackCountry "USA"]
[WhiteElo "1658"]
[WhiteRD "54"]
[BlackElo "2432"]
[BlackRD "67"]
[GameID "710372"]

1. e4 e5 2. Nf3 Nc6 3. c3 d5 4. Qa4 Bd7 5. exd5 Nd4 6. Qd1 Nxf3+ 7. Qxf3 Nf6 8. Bc4 e4 9. Qe2 Bd6 10. O-O O-O
11. d3 Ng4 12. h3 exd3 13. Qxd3 Ne5 14. Qd4 Nxc4 15. Qxc4 Qf6 16. Be3 Qe5 17. g3 Bxh3 18. Re1 Rae8 19. Nd2 Qf5 20. Rad1 Bg4
21. Rc1 Qh5 22. Bf4 Be7 23. Qxc7 Bd8 24. Qxb7 Bb6 25. d6 Qf5 26. Qg2 g5 27. Be3 Bxe3 28. Rxe3 Rxe3 29. fxe3 Rd8 30. Rf1 Qe6
31. Qe4 Rxd6 32. Qxe6 Bxe6 33. Ne4 Rd3 34. Nxg5 Bxa2 35. Rf3 a5 36. Ne4 Kg7 37. Kf2 Bd5 38. Rf4 Bxe4 39. Rxe4 Rd2+ 40. Kf3 Rxb2
41. Ra4= Rb5 42. c4 Rb4 43. Rxa5 Rxc4 44. Ra3 Rc6 45. Rd3 Rf6+ 46. Kg2 Re6 47. Kf3 Kg6 48. Rb3 Rf6+ 49. Kg2 Kg5 50. e4 Kg4
51. Re3 Rb6 52. Re2 Rb3 53. Rf2 Rxg3+ 54. Kh2 Rf3 55. Rg2+ Kh4 56. Rg7 h6 57. Rh7 h5 58. Kg2 Rf4 59. e5 Rf5 60. Kh2 Kg5
61. e6 fxe6 62. Re7 e5 63. Kg2 h4 64. Rg7+ Kf4 65. Rh7 Kg4 66. Rg7+ Rg5 67. Rh7 e4 68. Re7 Kf4+ 69. Kf2 h3 70. Rh7 Kg4
71. Re7 Kf4 72. Rf7+ Rf5 73. Rh7 Kg4+ 74. Kg1 e3 75. Re7 Kf3 76. Rh7 e2 77. Rxh3+ Ke4 78. Rh4+ Kd5
0-1

[Event "Batman and Robin Memorial"]
[Site "SchemingMind.com"]
[Date "2021.04.07"]
[Round "-"]
[White "William Lindberg"]
[Black "kenneth m day"]
[Result "1-0"]
[WhiteCountry "USA"]
[BlackCountry "USA"]
[WhiteElo "2477"]
[WhiteRD "70"]
[BlackElo "1640"]
[BlackRD "53"]
[GameID "710373"]

1. d4 Nf6 2. c4 e6 3. Nf3 d5 4. Nc3 Bb4 5. Qa4+ Nc6 6. e3 O-O 7. Bd2 Be7 8. a3 Bd7 9. Qc2 a6 10. b3 Re8
11. Bd3 dxc4 12. bxc4 Bd6 13. c5 Be7 14. O-O b6 15. Rfd1 bxc5 16. dxc5 Bxc5 17. Ne4 Nxe4 18. Bxe4 Rb8 19. Qxc5 Rb5 20. Qc2 Ne7
21. Bxh7+ Kh8 22. Bc3 Rh5 23. Ne5 Rf8 24. Rxd7 Qe8 25. Rad1 Rxh7 26. Rd8 Qxd8 27. Nxf7+ Rxf7 28. Rxd8+ Ng8 29. Qg6 Re7 30. Bf6
1-0

[Event "Batman and Robin Memorial"]
[Site "SchemingMind.com"]
[Date "2021.04.07"]
[Round "-"]
[White "ray winteringham"]
[Black "William Lindberg"]
[Result "0-1"]
[WhiteCountry "ENG"]
[BlackCountry "USA"]
[WhiteElo "1467"]
[WhiteRD "51"]
[BlackElo "2494"]
[BlackRD "72"]
[GameID "710374"]

1. e4 c5 2. Nf3 Nc6 3. Bc4 Nf6 4. d3 e6 5. Be3 d5 6. exd5 exd5 7. Bb5 Qa5+ 8. Nc3 d4 9. Bxc6+ bxc6 10. Bxd4 cxd4
11. Nxd4 Qb6 12. Nb3 Bd6 13. Qe2+ Be6 14. O-O-O O-O 15. g3 Rfe8 16. Qd2 a5 17. Qe3 c5 18. Qd2 a4 19. Na1 Reb8 20. b3 axb3
21. Nxb3 Qa6 22. f4 Qa3+ 23. Kb1 Nd5
0-1

[Event "Batman and Robin Memorial"]
[Site "SchemingMind.com"]
[Date "2021.04.08"]
[Round "-"]
[White "William Lindberg"]
[Black "ray winteringham"]
[Result "1-0"]
[WhiteCountry "USA"]
[BlackCountry "ENG"]
[WhiteElo "2494"]
[WhiteRD "72"]
[BlackElo "1467"]
[BlackRD "51"]
[GameID "710375"]

1. c4 g6 2. d4 Bg7 3. Nc3 Nf6 4. e4 d6 5. Nf3 Bg4 6. Be2 O-O 7. Be3 Nbd7 8. O-O c6 9. h3 Bxf3 10. Bxf3 a6
11. Rc1 Rb8 12. b4 e5 13. d5 Qc7 14. c5 Ne8 15. dxc6 Qxc6 16. Nd5 Ndf6 17. Ne7+
1-0

[Event "Batman and Robin Memorial"]
[Site "SchemingMind.com"]
[Date "2021.04.07"]
[Round "-"]
[White "Chessibelle"]
[Black "William Lindberg"]
[Result "0-1"]
[WhiteCountry "ENG"]
[BlackCountry "USA"]
[WhiteElo "1109"]
[WhiteRD "59"]
[BlackElo "2494"]
[BlackRD "72"]
[GameID "710376"]

1. Nf3 d5 2. d4 e6 3. Bd2 Nf6 4. Nc3 c5 5. e3 Nc6 6. g3 Be7 7. Be2 O-O 8. O-O h6 9. Bd3 a6 10. h3 c4
11. b3 cxd3 12. cxd3 Bd6 13. Qe2 Re8 14. g4 e5 15. Qd1 Nxg4 16. Kh1 Nb4 17. Qb1 Qf6 18. Qd1 exd4 19. Ne2 Qxf3+ 20. Kg1 Bh2#
0-1

[Event "Batman and Robin Memorial"]
[Site "SchemingMind.com"]
[Date "2021.04.07"]
[Round "-"]
[White "William Lindberg"]
[Black "Chessibelle"]
[Result "1-0"]
[WhiteCountry "USA"]
[BlackCountry "ENG"]
[WhiteElo "2494"]
[WhiteRD "72"]
[BlackElo "1109"]
[BlackRD "59"]
[GameID "710377"]

1. e4 e5 2. Nf3 d6 3. d4 Bd7 4. c3 f6 5. Bc4 Ne7 6. Qb3 Qc8 7. dxe5 dxe5 8. Be3 b6 9. Bf7+ Kd8 10. O-O Qb7
11. Nbd2 h6 12. Nc4 Qxe4 13. Rfd1 Nd5 14. Bxd5 Qf5 15. Bxa8 Qh5 16. Rxd7+ Nxd7 17. Rd1 g5 18. Qa4 Rh7 19. Bc6 g4 20. Bxd7 gxf3
21. Be8+
1-0

[Event "Batman and Robin Memorial"]
[Site "SchemingMind.com"]
[Date "2021.04.07"]
[Round "-"]
[White "William Lindberg"]
[Black "MrTowPath"]
[Result "1/2-1/2"]
[WhiteCountry "USA"]
[BlackCountry "ENG"]
[WhiteElo "2432"]
[WhiteRD "67"]
[BlackElo "2172"]
[BlackRD "130"]
[GameID "710378"]

1. e4 c6 2. d4 d5 3. Nc3 dxe4 4. Nxe4 Nd7 5. c3 Ngf6 6. Nxf6+ Nxf6 7. Nf3 Bg4 8. h3 Bxf3 9. Qxf3 e6 10. Bc4 Bd6
11. Bg5 h6 12. Bh4 Qe7 13. Bb3 O-O-O 14. O-O-O Kb8 15. Kb1 Bc7 16. Rhe1 Rd7 17. Bg3 Rhd8 18. a3 Rg8 19. Bxc7+ Kxc7 20. c4 Qd6
21. Qe3 Kb8 22. f4 Rgd8 23. g4 Qc7 24. Ka2 g6 25. Bc2 a6 26. Qf2 h5 27. f5 exf5 28. gxf5 g5 29. Qe3 Qf4 30. Qe5+ Qxe5
31. dxe5 Rxd1 32. Bxd1 Re8 33. Re2 Nd7 34. e6 fxe6 35. fxe6 Nf6 36. e7 g4 37. hxg4 hxg4 38. Re6 Ng8 39. Bxg4 Rxe7 40. Rg6 Re8
41. Be6 Ne7 42. Rg1 Nc8 43. Bd7 Rf8 44. c5 Ne7 45. Re1 Rf7 46. Re5 Ng6 47. Re8+ Ka7 48. Be6 Rf2 49. Bc4 a5 50. Kb3 a4+
51. Kxa4 Rxb2 52. Re1 Rf2 53. Re4 Rf5 54. Kb4 Ne5 55. a4 Rg5 56. Rd4 Nxc4 57. Rxc4 Ka6 58. Rd4 b6 59. Rc4 Rxc5 60. Rxc5 bxc5+
61. Kxc5 Ka5 62. Kxc6=
1/2-1/2

[Event "Batman and Robin Memorial"]
[Site "SchemingMind.com"]
[Date "2021.04.07"]
[Round "-"]
[White "MrTowPath"]
[Black "William Lindberg"]
[Result "1-0"]
[WhiteCountry "ENG"]
[BlackCountry "USA"]
[WhiteElo "2172"]
[WhiteRD "130"]
[BlackElo "2432"]
[BlackRD "67"]
[GameID "710379"]

1. c4 c5 2. Nf3 Nc6 3. d4 cxd4 4. Nxd4 Nf6 5. Nc3 e6 6. a3 Bc5 7. Nb3 Bb6 8. c5 Bc7 9. Bg5 Be5 10. Rc1 h6
11. Bh4 b6 12. e3 Rb8 13. f4 Bxc3+ 14. Rxc3 Ne7 15. Bxf6 gxf6 16. Qd2 f5 17. Bc4 Rg8 18. cxb6 Rxb6 19. O-O Bb7 20. Rf2 h5
21. Nc5 Bd5 22. Qc1 Bxc4 23. Rxc4 Rc6 24. Rfc2 Qa8 25. b3 Rg6 26. Qa1 Rg8 27. Qc1 Rg4 28. h3 Rg6 29. b4 Nd5 30. b5 Rc7
31. e4 fxe4 32. Nxe4 Rxc4 33. Rxc4 Ne7 34. Qb2 Kf8 35. Qh8+ Ng8 36. Ra4 Qd5 37. Qd4 Qxd4+ 38. Rxd4 d5 39. Ng5 e5 40. Rxd5 exf4
41. Nf3 Re6 42. a4 Nf6 43. Rf5 Ke7 44. Rxf4 Re3 45. Rc4 Nd5 46. Rc6 Nc3 47. Rc7+ Kd6 48. Rxa7 Re4 49. Ng5 Rb4 50. Nxf7+ Ke6
51. Nd8+ Kd6 52. Rh7 Nxa4 53. Rxh5 Kc7 54. Nc6 Rb2 55. Kh2 Kd6 56. Na5 Kd7 57. Rg5 Ke7 58. Nc4 Rb4 59. b6 Nxb6 60. Nxb6 Rxb6
61. Kg3 Rb4 62. Rf5 Ke6 63. Rf4 Rb3+ 64. Kh4 Ke5 65. Rf3 Rb6 66. g4 Rh6+ 67. Kg3 Ra6 68. g5 Rb6 69. Kg4 Rb4+ 70. Kh5 Rb8
71. g6 Rh8+ 72. Kg5 Rg8 73. h4 Ke4 74. Rf7
1-0

[Event "Batman and Robin Memorial"]
[Site "SchemingMind.com"]
[Date "2021.04.07"]
[Round "-"]
[White "William Lindberg"]
[Black "David Connolly"]
[Result "1-0"]
[WhiteCountry "USA"]
[BlackCountry "WLS"]
[WhiteElo "2490"]
[WhiteRD "74"]
[BlackElo "1983"]
[BlackRD "64"]
[GameID "710380"]

1. e4 e5 2. Nf3 Nc6 3. Bb5 a6 4. Bxc6 dxc6 5. O-O f6 6. d4 exd4 7. Nxd4 c5 8. Nb3 Qxd1 9. Rxd1 Bg4 10. f3 Be6
11. Bf4 c4 12. Nd4 O-O-O 13. Nc3 Bf7 14. Kf2 Ne7 15. Be3 h5 16. f4 Ng6 17. g3 Ne7 18. b4 cxb3 19. axb3 Ng8 20. h3 Bb4
21. Nd5 Bxd5 22. exd5 Rxd5 23. Ne6 Ne7 24. Rxd5 Nxd5 25. Nxg7 Nxe3 26. Kxe3 Rh7 27. Nf5 Rd7 28. c4 c6 29. Ke4 Kc7 30. g4 hxg4
31. hxg4 Rh7 32. Rg1 Bc3 33. Rg3 Bb2 34. c5 b6 35. Rg2 Ba1 36. Ra2 Rh1 37. Ng3 Rg1 38. Rxa6 Bb2 39. cxb6+ Kb7 40. Ra2 Rxg3
41. Rxb2 Rxg4 42. Kf5 Rg3 43. b4
1-0

[Event "Batman and Robin Memorial"]
[Site "SchemingMind.com"]
[Date "2021.04.07"]
[Round "-"]
[White "David Connolly"]
[Black "William Lindberg"]
[Result "0-1"]
[WhiteCountry "WLS"]
[BlackCountry "USA"]
[WhiteElo "1983"]
[WhiteRD "64"]
[BlackElo "2490"]
[BlackRD "74"]
[GameID "710381"]

1. d4 Nf6 2. c4 e6 3. Nf3 d5 4. Nc3 Bb4 5. Bg5 Nbd7 6. cxd5 exd5 7. e3 O-O 8. Bd3 Bxc3+ 9. bxc3 c5 10. O-O c4
11. Bc2 Qa5 12. Ne5 Nxe5 13. dxe5 Ne4 14. Be7 Re8 15. Bb4 Qc7 16. Qxd5 Rxe5 17. Qd4 Bf5 18. Rad1 Ree8 19. f3 Red8 20. fxe4 Rxd4
21. exd4 Bg6 22. a4 Re8 23. Rfe1 Qb6 24. a5 Qc7 25. d5 b5 26. Rd2 h6 27. Rde2 Re5 28. d6 Qd7 29. Rd2 f6 30. h3 a6
31. Rd4 Bf5 32. Rdd1 Be6 33. Rd4 Rg5 34. Kh2 Qe8 35. e5 Rxe5 36. Rxe5 fxe5 37. Rd1 Bd7 38. Be4 Qf8 39. Re1 Qf2 40. Bd5+ Kh8
41. Re4 Qd2
0-1